00803cam a2200241 a 45000010008000000030004000080050017000120080041000290100017000700200018000870400009001050500023001140820019001371000025001562450077001812600044002583000010003024400041003125040064003536500041004176500014004588560089004722562284OSt20200606101045.0950919s1996 enk b 001 0 eng  a 95043631  a9780415119276 coclc00aJX1391b.C327 199600a327.101bCAS/I aCassels, Aland1929-10aIdeology and international relations in the modern world /cAlan Cassels aLondon ;aNew York :bRoutledge,c1996. a302 p 4aThe new international history series aIncludes bibliographical references (p. 279-284) and index. 0aInternational relationsxPhilosophy. 0aIdeology.423Publisher descriptionuhttp://www.loc.gov/catdir/enhancements/fy0649/95043631-d.html